[Event "IHEM"]
[Site "Hamburg"]
[Date "1999.05.29"]
[Round "8.13"]
[White "Stanke, Juergen"]
[Black "Hegeler, Frank"]
[Result "1/2-1/2"]
[WhiteElo "2315"]
[BlackElo "2356"]
[PlyCount "193"]
[EventDate "1999.05.22"]
[Source "ChessBase"]
[SourceDate "1999.10.01"]

1. e4 c5 2. Nf3 Nc6 3. d4 cxd4 4. Nxd4 Qc7 5. Nc3 e6 6. g3 a6 7. Bg2 Nf6 8. O-O
Nxd4 9. Qxd4 Bc5 10. Bf4 d6 11. Qd2 h6 12. Rad1 e5 13. Be3 Ke7 14. h3 Be6 15.
Bxc5 Qxc5 16. Kh2 Rac8 17. f4 Rhd8 18. Rf2 exf4 19. gxf4 Qh5 20. Rff1 g5 21. f5
Bc4 22. Rf3 Ng4+ 23. Kg1 Ne5 24. Rg3 f6 25. Rc1 Qe8 26. Bf1 Bf7 27. Nd5+ Bxd5
28. Qxd5 Qd7 29. b4 Kf8 30. c4 Qf7 31. Rgc3 Qxd5 32. cxd5 Rxc3 33. Rxc3 h5 34.
Be2 h4 35. b5 axb5 36. Bxb5 Nd7 37. Bxd7 Rxd7 38. Kg2 Ke7 39. Kf3 Kd8 40. Kg4
Rc7 41. Rb3 Rh7 42. Ra3 Kd7 43. Ra7 Kc7 44. Ra8 Re7 45. Kf3 Rf7 46. Re8 Kd7 47.
Ra8 Kc7 48. a4 Kb6 49. Rc8 Ka5 50. Rd8 Kxa4 51. Rxd6 b5 52. Ra6+ Kb3 53. Kg4
Kc4 54. e5 fxe5 55. d6 e4 56. Kxg5 e3 57. Kf4 e2 58. Ra1 Rd7 59. Ke5 b4 60. Ke6
Ra7 61. Re1 Kd3 62. f6 Kd2 63. f7 Ra8 64. Rb1 e1=Q+ 65. Rxe1 Kxe1 66. Ke7 b3
67. f8=Q Rxf8 68. Kxf8 b2 69. d7 b1=Q 70. d8=Q Qf5+ 71. Kg7 Qxh3 72. Qa5+ Kf1
73. Kh8 Qc8+ 74. Kg7 Qd7+ 75. Kh8 Qe8+ 76. Kh7 Qe4+ 77. Kh8 Qd4+ 78. Kh7 Qd3+
79. Kh8 h3 80. Qa1+ Kf2 81. Qb2+ Ke3 82. Qe5+ Kd2 83. Qb2+ Ke3 84. Qe5+ Kf3 85.
Qf6+ Kg4 86. Qg7+ Kf4 87. Qh6+ Kg3 88. Qg7+ Kh2 89. Qe5+ Kg2 90. Qb2+ Kg1 91.
Qc1+ Kg2 92. Qb2+ Kf3 93. Qf6+ Ke3 94. Qe5+ Kd2 95. Qb2+ Qc2 96. Qd4+ Qd3 97.
Qb2+ 1/2-1/2

[Event "IHEM"]
[Site "Hamburg"]
[Date "1999.05.29"]
[Round "8.14"]
[White "Lindinger, Markus"]
[Black "Engelbert, Christoph"]
[Result "1-0"]
[WhiteElo "2302"]
[BlackElo "2211"]
[PlyCount "71"]
[EventDate "1999.05.22"]
[Source "ChessBase"]
[SourceDate "1999.10.01"]

1. d4 g6 2. e4 Bg7 3. Nc3 d6 4. f4 a6 5. Nf3 b5 6. Bd3 Nd7 7. Ne2 Bb7 8. O-O e6
9. c3 Ne7 10. Qe1 c5 11. f5 e5 12. fxg6 hxg6 13. Ng5 Bf6 14. Qg3 Nc6 15. d5 Na5
16. b3 Qe7 17. Bd2 Bc8 18. Rf3 Kf8 19. Raf1 Kg7 20. h4 Ra7 21. Qf2 Rc7 22. Ng3
c4 23. Bc2 cxb3 24. axb3 Nb7 25. h5 Nd8 26. Nxf7 Qxf7 27. hxg6 Kxg6 28. Nf5 Qf8
29. Rg3+ Kf7 30. Rg7+ Ke8 31. Qg3 Nf7 32. Qg6 Bxg7 33. Nxg7+ Qxg7 34. Qxg7 Rf8
35. Bd1 Nc5 36. Bh6 1-0

[Event "IHEM"]
[Site "Hamburg"]
[Date "1999.05.29"]
[Round "8.15"]
[White "Sass, Andreas"]
[Black "Wilhelmi, Christian"]
[Result "0-1"]
[WhiteElo "2146"]
[BlackElo "2446"]
[PlyCount "36"]
[EventDate "1999.05.22"]
[Source "ChessBase"]
[SourceDate "1999.10.01"]

1. d4 Nf6 2. c4 g6 3. Nc3 d5 4. cxd5 Nxd5 5. e4 Nxc3 6. bxc3 Bg7 7. Nf3 c5 8.
Rb1 O-O 9. Qd2 b6 10. Bc4 Nc6 11. d5 Na5 12. Be2 e6 13. Ba3 Qe8 14. Bb5 Bd7 15.
Be2 exd5 16. exd5 Nc4 17. Qc1 Qe4 18. Ra1 Rfe8 0-1

[Event "IHEM"]
[Site "Hamburg"]
[Date "1999.05.30"]
[Round "9.2"]
[White "Urban, Klaudiusz"]
[Black "Hansen, Sune Berg"]
[Result "1/2-1/2"]
[WhiteElo "2444"]
[BlackElo "2499"]
[PlyCount "25"]
[EventDate "1999.05.22"]
[Source "ChessBase"]
[SourceDate "1999.10.01"]

1. g3 c5 2. Bg2 g6 3. c4 Bg7 4. Nc3 Nc6 5. a3 b6 6. Nf3 Bb7 7. O-O e6 8. b4 d6
9. Rb1 Nge7 10. e3 O-O 11. d4 cxd4 12. exd4 Qd7 13. Bb2 1/2-1/2

[Event "IHEM"]
[Site "Hamburg"]
[Date "1999.05.30"]
[Round "9.4"]
[White "Bekker Jensen, Simon"]
[Black "Kopylov, Mihail"]
[Result "1-0"]
[WhiteElo "2360"]
[BlackElo "2421"]
[PlyCount "93"]
[EventDate "1999.05.22"]
[Source "ChessBase"]
[SourceDate "1999.10.01"]

1. d4 f5 2. g3 Nf6 3. Bg2 d6 4. c4 g6 5. Nc3 Bg7 6. d5 c6 7. Nh3 O-O 8. Nf4 Qe8
9. Rb1 Na6 10. b4 Bd7 11. O-O Rc8 12. Qb3 Qf7 13. Be3 Nc7 14. Bxa7 e5 15. dxe6
Nxe6 16. Nd3 Ng5 17. f4 Nge4 18. Nxe4 Nxe4 19. Bxe4 fxe4 20. Nb2 Be6 21. Rbd1
d5 22. Bd4 dxc4 23. Qc3 Rfd8 24. Be5 Rd5 25. a4 b5 26. axb5 cxb5 27. Rxd5 Bxd5
28. Nd1 Bf8 29. Ne3 Be6 30. g4 Qa7 31. f5 Bf7 32. Ra1 Qe7 33. Rb1 Ra8 34. Qd4
Ra2 35. Nd5 Bxd5 36. Qxd5+ Qf7 37. Qxe4 Rd2 38. Rf1 Qd5 39. f6 Bxb4 40. f7+ Kf8
41. Bd6+ Qxd6 42. Qe8+ Kg7 43. Qg8+ Kh6 44. f8=Q+ Qxf8 45. Rxf8 Bxf8 46. Qxf8+
Kg5 47. h4+ 1-0

[Event "IHEM"]
[Site "Hamburg"]
[Date "1999.05.30"]
[Round "9.5"]
[White "Loeffler, Stefan"]
[Black "Mueller, Karsten"]
[Result "0-1"]
[WhiteElo "2385"]
[BlackElo "2558"]
[PlyCount "78"]
[EventDate "1999.05.22"]
[Source "ChessBase"]
[SourceDate "1999.10.01"]

1. d4 d5 2. c4 c6 3. e3 Nf6 4. Nc3 a6 5. Qb3 e6 6. Nf3 Nbd7 7. Bd3 dxc4 8. Bxc4
b5 9. Be2 c5 10. O-O Bb7 11. Ne5 Be7 12. Rd1 Qc7 13. Nxd7 Nxd7 14. d5 c4 15.
Qc2 O-O 16. e4 Nf6 17. Bf3 Rad8 18. Be3 Bc5 19. Bg5 Bd6 20. Bxf6 gxf6 21. g3
Be5 22. Bg2 Qb6 23. Rd2 Rd6 24. Qd1 Rfd8 25. Qg4+ Kh8 26. Qh5 Qc7 27. a3 Qe7
28. Kf1 R6d7 29. Bh3 f5 30. Re1 Qf6 31. exf5 exd5 32. Rde2 Re7 33. g4 Rg8 34.
f4 Bd6 35. g5 Qd4 36. Rxe7 Qxf4+ 37. Ke2 Bxe7 38. f6 d4 39. fxe7 d3+ 0-1

[Event "IHEM"]
[Site "Hamburg"]
[Date "1999.05.30"]
[Round "9.7"]
[White "Heyken, Enno"]
[Black "Joecks, Christian"]
[Result "1/2-1/2"]
[WhiteElo "2325"]
[BlackElo "2415"]
[PlyCount "29"]
[EventDate "1999.05.22"]
[Source "ChessBase"]
[SourceDate "1999.10.01"]

1. d4 Nf6 2. Nc3 g6 3. e4 d6 4. f3 c6 5. Be3 Nbd7 6. Qd2 b5 7. Bd3 Qc7 8. Nge2
a6 9. a4 b4 10. Nd1 a5 11. c3 bxc3 12. Ndxc3 Bg7 13. Rc1 Qb8 14. Nb1 Ba6 15.
Rxc6 1/2-1/2

[Event "IHEM"]
[Site "Hamburg"]
[Date "1999.05.30"]
[Round "9.8"]
[White "Reddmann, Hauke"]
[Black "Hochgraefe, Markus"]
[Result "1/2-1/2"]
[WhiteElo "2368"]
[BlackElo "2329"]
[PlyCount "63"]
[EventDate "1999.05.22"]
[Source "ChessBase"]
[SourceDate "1999.10.01"]

1. d4 d5 2. Bf4 Nf6 3. e3 Bf5 4. f3 e6 5. g4 Bg6 6. h4 h6 7. c4 Bd6 8. Nh3 Bxb1
9. Rxb1 Bxf4 10. Nxf4 Qe7 11. Qb3 c6 12. Kf2 a5 13. Bd3 a4 14. Qc2 dxc4 15.
Bxc4 Nd5 16. Bxd5 exd5 17. g5 Nd7 18. gxh6 Rxh6 19. h5 Nf6 20. Rbg1 Kf8 21. Rh3
Re8 22. Qc3 Rh7 23. a3 Rh6 24. Qd3 Kg8 25. Rhg3 Nxh5 26. Nxh5 Rxh5 27. Rxg7+
Kh8 28. Ke2 Qf6 29. R7g4 Rh2+ 30. R1g2 Rxg2+ 31. Rxg2 Rg8 32. Rxg8+ 1/2-1/2

[Event "IHEM"]
[Site "Hamburg"]
[Date "1999.05.30"]
[Round "9.10"]
[White "Bekker Jensen, David"]
[Black "Buhr, Carl Christian"]
[Result "1/2-1/2"]
[WhiteElo "2263"]
[BlackElo "2320"]
[PlyCount "56"]
[EventDate "1999.05.22"]
[Source "ChessBase"]
[SourceDate "1999.10.01"]

1. d4 d6 2. Nf3 g6 3. c4 f5 4. g3 Nf6 5. Bg2 Bg7 6. O-O O-O 7. Nc3 Nc6 8. d5
Na5 9. Qd3 e5 10. dxe6 Bxe6 11. b3 Nc6 12. Bb2 Ne4 13. Rab1 Nc5 14. Qd2 Qd7 15.
Ng5 Kh8 16. Na4 Rae8 17. Nxc5 dxc5 18. Bxg7+ Qxg7 19. Bxc6 bxc6 20. e3 h6 21.
Nxe6 Rxe6 22. Rbd1 g5 23. Qa5 Qe7 24. Rd3 f4 25. exf4 gxf4 26. Qc3+ Qg7 27.
Qxg7+ Kxg7 28. Rfd1 fxg3 1/2-1/2

[Event "IHEM"]
[Site "Hamburg"]
[Date "1999.05.30"]
[Round "9.11"]
[White "Reeh, Oliver"]
[Black "Stanke, Juergen"]
[Result "1-0"]
[WhiteElo "2420"]
[BlackElo "2315"]
[PlyCount "73"]
[EventDate "1999.05.22"]
[Source "ChessBase"]
[SourceDate "1999.10.01"]

1. e4 c5 2. Nf3 e6 3. d4 cxd4 4. Nxd4 a6 5. Bd3 Qc7 6. O-O Nf6 7. f4 Bc5 8. c3
Nc6 9. Kh1 d6 10. Nxc6 bxc6 11. Nd2 e5 12. Nc4 Ng4 13. Be2 Be6 14. b4 Bxc4 15.
bxc5 Bxe2 16. Qxe2 Nf6 17. cxd6 Qxd6 18. fxe5 Qxe5 19. Ba3 c5 20. Rf5 Qe6 21.
Qf3 Nd7 22. Bxc5 Nxc5 23. Rxc5 O-O 24. Qf5 Qb6 25. Rf1 Rae8 26. Qd5 Re6 27. h3
h6 28. e5 Rd8 29. Qc4 Rd2 30. Rc8+ Kh7 31. Qe4+ Rg6 32. Qa8 Rg5 33. Rh8+ Kg6
34. Qe4+ f5 35. exf6+ Kh5 36. Qf3+ Kg6 37. f7 1-0

[Event "IHEM"]
[Site "Hamburg"]
[Date "1999.05.30"]
[Round "9.13"]
[White "Wilhelmi, Christian"]
[Black "Hegeler, Frank"]
[Result "1/2-1/2"]
[WhiteElo "2446"]
[BlackElo "2356"]
[PlyCount "83"]
[EventDate "1999.05.22"]
[Source "ChessBase"]
[SourceDate "1999.10.01"]

1. e4 e5 2. Nf3 Nc6 3. Bb5 a6 4. Ba4 Nf6 5. O-O Nxe4 6. d4 b5 7. Bb3 d5 8. dxe5
Be6 9. Nbd2 Nc5 10. c3 Bg4 11. Re1 Qd7 12. Nf1 Nxb3 13. axb3 Be7 14. h3 Bh5 15.
Ng3 Bg6 16. Ne2 Nd8 17. Nf4 c6 18. e6 Nxe6 19. Nxe6 fxe6 20. Ne5 Qc8 21. Nxg6
hxg6 22. Qg4 Kf7 23. Bf4 Bf6 24. Re3 Rh5 25. Rg3 Rf5 26. Qxg6+ Kg8 27. Bh6 Qd7
28. Rd3 Qf7 29. Qxf7+ Kxf7 30. g4 Re5 31. Be3 g5 32. Kg2 b4 33. Kf1 bxc3 34.
bxc3 a5 35. f3 d4 36. Bxd4 Rb5 37. Bxf6 Kxf6 38. c4 Rb4 39. Rc3 Ke5 40. Ke2 a4
41. Re3+ Kf6 42. Rxa4 1/2-1/2

[Event "IHEM"]
[Site "Hamburg"]
[Date "1999.05.30"]
[Round "9.14"]
[White "Sass, Andreas"]
[Black "Maahs, Erich"]
[Result "1/2-1/2"]
[WhiteElo "2146"]
[BlackElo "2203"]
[PlyCount "69"]
[EventDate "1999.05.22"]
[Source "ChessBase"]
[SourceDate "1999.10.01"]

1. d4 d5 2. c4 c6 3. Nf3 Nf6 4. Nc3 e6 5. e3 Nbd7 6. Bd3 Bb4 7. Qc2 O-O 8. O-O
Re8 9. a3 Bd6 10. h3 Qe7 11. e4 dxc4 12. Bxc4 e5 13. Be3 Nh5 14. Rfe1 exd4 15.
Bxd4 Ne5 16. Nxe5 Bxe5 17. Bxe5 Qxe5 18. Rad1 Nf4 19. Re3 Be6 20. Bxe6 Rxe6 21.
Ne2 Nxe2+ 22. Qxe2 a5 23. Qd2 Rae8 24. b4 axb4 25. Qxb4 b5 26. a4 Ra8 27. axb5
cxb5 28. Rb1 Ra1 29. Reb3 Rc6 30. Qd2 Rxb1+ 31. Rxb1 h6 32. Qd8+ Kh7 33. Qd5
Qc7 34. Qxb5 g6 35. Re1 1/2-1/2

[Event "IHEM"]
[Site "Hamburg"]
[Date "1999.05.30"]
[Round "9.15"]
[White "Engelbert, Christoph"]
[Black "Bathke, Joerg"]
[Result "1/2-1/2"]
[WhiteElo "2211"]
[BlackElo "2225"]
[PlyCount "22"]
[EventDate "1999.05.22"]
[Source "ChessBase"]
[SourceDate "1999.10.01"]

1. e4 c5 2. c3 g6 3. d4 cxd4 4. cxd4 d5 5. exd5 Nf6 6. Nc3 Nxd5 7. Bc4 Nb6 8.
Bb3 Bg7 9. Nf3 O-O 10. O-O Nc6 11. Be3 Na5 1/2-1/2